ARRUPE JESUIT UNIVERSITY

CORONAVIRUS -STOP THE SPREAD - CLEAN,DISINFECT,COVER

The hermeneutic imagination : (Record no. 123515)

MARC details
000 -LEADER
fixed length control field 01145cam a2200373 a 4500
001 - CONTROL NUMBER
control field 123223
003 - CONTROL NUMBER IDENTIFIER
control field ARRUPE
005 - DATE AND TIME OF LATEST TRANSACTION
control field 20151014122251.0
008 - FIXED-LENGTH DATA ELEMENTS--GENERAL INFORMATION
fixed length control field 821214s1982 enk b 001 0 eng
010 ## - LIBRARY OF CONGRESS CONTROL NUMBER
LC control number 82007522//r84
020 ## - INTERNATIONAL STANDARD BOOK NUMBER
International Standard Book Number 0710092563 :
Terms of availability $25.00
020 ## - INTERNATIONAL STANDARD BOOK NUMBER
International Standard Book Number 0710092571 (pbk.) :
Terms of availability $12.00
035 ## - SYSTEM CONTROL NUMBER
System control number (OCoLC)8411065
035 ## - SYSTEM CONTROL NUMBER
System control number (OCoLC)ocm08411065
035 ## - SYSTEM CONTROL NUMBER
System control number (CStRLIN)NYCG82-B65983
035 ## - SYSTEM CONTROL NUMBER
System control number (NNC)123223
040 ## - CATALOGING SOURCE
Modifying agency CStRLIN
Transcribing agency DCL
050 0# - LIBRARY OF CONGRESS CALL NUMBER
Classification number HM24
Item number .B555 1982
082 0# - DEWEY DECIMAL CLASSIFICATION NUMBER
Classification number 301
Edition number 19
090 ## - LOCALLY ASSIGNED LC-TYPE CALL NUMBER (OCLC); LOCAL CALL NUMBER (OCLC)
Classification number (OCLC) (R) ; Classification number, CALL (RLIN) (NR) HM24
Local cutter number (OCLC) ; Book number/undivided call number, CALL (RLIN) .B555 1982
300 ## - PHYSICAL DESCRIPTION
Dimensions 22 cm.
100 1# - MAIN ENTRY--PERSONAL NAME
Personal name Bleicher, Josef.
9 (RLIN) 20277
245 14 - TITLE STATEMENT
Title The hermeneutic imagination :
Remainder of title outline of a positive critique of scientism and sociology /
Statement of responsibility, etc Josef Bleicher.
260 ## - PUBLICATION, DISTRIBUTION, ETC. (IMPRINT)
Place of publication, distribution, etc London ;
-- Boston :
Name of publisher, distributor, etc Routledge & K. Paul,
Date of publication, distribution, etc 1982.
300 ## - PHYSICAL DESCRIPTION
Extent ix, 172 p. ;
500 ## - GENERAL NOTE
General note Revision of the author's thesis (Ph.D.)
500 ## - GENERAL NOTE
General note Includes indexes.
504 ## - BIBLIOGRAPHY, ETC. NOTE
Bibliography, etc Bibliography: p. 162-168.
650 #0 - SUBJECT ADDED ENTRY--TOPICAL TERM
Topical term or geographic name as entry element Sociology
General subdivision Methodology.
9 (RLIN) 20278
650 #0 - SUBJECT ADDED ENTRY--TOPICAL TERM
Topical term or geographic name as entry element Hermeneutics.
9 (RLIN) 20279
650 #0 - SUBJECT ADDED ENTRY--TOPICAL TERM
Topical term or geographic name as entry element Positivism.
9 (RLIN) 2396
650 #0 - SUBJECT ADDED ENTRY--TOPICAL TERM
Topical term or geographic name as entry element Scientism.
9 (RLIN) 17942
942 ## - ADDED ENTRY ELEMENTS (KOHA)
Source of classification or shelving scheme Library of Congress Classification
Koha item type Monograph ( Printed materials)
Holdings
Withdrawn status Lost status Source of classification or shelving scheme Damaged status Not for loan Collection code Home library Current library Shelving location Date acquired Total Checkouts Full call number Barcode Date last seen Price effective from Koha item type
    Library of Congress Classification     Main Collection ARRUPE LIBRARY ARRUPE LIBRARY Main Collection 14/10/2015   HM24.B555 1982 46500005499 30/04/2018 14/10/2015 Monograph ( Printed materials)

 

Arrupe Library. PO Box MP320 Mt Pleasant, Harare, Zimbabwe
263 242 745411|librarian@aju.ac.zw